LEADER 00879nam0-22003011i-450- 001 990004486790403321 005 20120619105319.0 035 $a000448679 035 $aFED01000448679 035 $a(Aleph)000448679FED01 035 $a000448679 100 $a19990604d1913----km-y0itay50------ba 101 0 $afre 105 $ay-------001yy 200 1 $a<>unité morale des religions$fpar Gaston Bonet-Maury 210 $aParis$cLibrairie Felix Alcan$d1913 215 $a214 p.$d19 cm 225 1 $aBibliothèque de philosophie contemporaine 610 0 $aMorale e religione$aSistemi etici 676 $a205 700 1$aBonet-Maury,$bGaston$0179329 801 0$aIT$bUNINA$gRICA$2UNIMARC 901 $aBK 912 $a990004486790403321 952 $a205 BON 1$bBibl. 822/4700$fFLFBC 959 $aFLFBC 996 $aUnité morale des religions$9546710 997 $aUNINA LEADER 03468oas 2201345 a 450 001 9910142795503321 005 20260218213013.0 011 $a1678-9180 035 $a(OCoLC)53950335 035 $a(CONSER) 2003252830 035 $a(CKB)111077313119000 035 $a(EXLCZ)99111077313119000 100 $a20031223a20039999 sb a 101 0 $aeng 135 $aurcn||||||||| 181 $ctxt$2rdacontent 182 $cc$2rdamedia 183 $acr$2rdacarrier 200 04$aThe journal of venomous animals and toxins including tropical diseases 210 $aBotucatu, SP, Brazil $cCEVAP$d2003- 210 21$aLondon :$cBioMed Central 210 31$aBotucatu, SP, Brazil :$cCEVAP 300 $aRefereed/Peer-reviewed 300 $aTitle from contents (SciELO, viewed Dec. 29, 2003). 311 08$a1678-9199 517 1 $aJVATiTD 531 00$aJ. venom. anim. toxins incl. trop. dis. 606 $aPoisonous animals$vPeriodicals 606 $aVenom$vPeriodicals 606 $aTropical medicine$vPeriodicals 606 $aVenoms 606 $aToxins, Biological 606 $aAnimals, Poisonous 606 $aTropical Medicine 606 $avenoms 606 $atoxins 606 $aAnimaux venimeux$vPe?riodiques 606 $aVenin$vPe?riodiques 606 $aMe?decine tropicale$vPe?riodiques 606 $aVenin 606 $aToxines 606 $aAnimaux venimeux 606 $aMe?decine tropicale 606 $aPoisonous animals$2fast$3(OCoLC)fst01068156 606 $aTropical medicine$2fast$3(OCoLC)fst01157469 606 $aVenom$2fast$3(OCoLC)fst01165238 608 $aPeriodical 608 $aFulltext. 608 $aGovernment Publications, State. 608 $aPeriodicals. 608 $aPeriodicals.$2fast 615 0$aPoisonous animals 615 0$aVenom 615 0$aTropical medicine 615 2$aVenoms 615 2$aToxins, Biological 615 2$aAnimals, Poisonous 615 2$aTropical Medicine 615 3$avenoms. 615 3$atoxins. 615 6$aAnimaux venimeux 615 6$aVenin 615 6$aMe?decine tropicale 615 6$aVenin. 615 6$aToxines. 615 6$aAnimaux venimeux. 615 6$aMe?decine tropicale. 615 7$aPoisonous animals. 615 7$aTropical medicine. 615 7$aVenom. 712 02$aUniversidade Estadual Paulista.$bCentro de Estudos de Venenos e Animais Pec?onhentos. 801 0$bWAU 801 1$bWAU 801 2$bNLM 801 2$bOCLCQ 801 2$bCGU 801 2$bAGL 801 2$bOCL 801 2$bOCLCQ 801 2$bCUV 801 2$bOCLCF 801 2$bEUW 801 2$bOCLCO 801 2$bOCLCQ 801 2$bOCLCO 801 2$bOCLCQ 801 2$bOCLCO 801 2$bCUS 801 2$bCASUM 801 2$bOCLCA 801 2$bOCLCO 801 2$bOCLCA 801 2$bDLC 801 2$bZ5A 801 2$bSNU 801 2$bDEBBG 801 2$bGWDNB 801 2$bNLE 801 2$bOCLCQ 801 2$bAU@ 801 2$bUKMGB 801 2$bOCLCA 801 2$bOCLCQ 801 2$bNLM 801 2$bOCLCQ 801 2$bOCLCO 801 2$bOCLCQ 801 2$bIOY 801 2$bOCLCQ 801 2$bSFB 801 2$bOCLCQ 906 $aJOURNAL 912 $a9910142795503321 996 $aThe journal of venomous animals and toxins including tropical diseases$92296780 997 $aUNINA